Учебно-методическое пособие для врачей-интернов, обучающихся по программам высшего и дополнительного профессионального образования по специальности "Терапия" (Запись № 10689235)

Подробности
000 -МАРКЕР
контрольное поле 01964nam0a2200289 i 4500
001 - ИДЕНТИФИКАТОР ЗАПИСИ
контрольное поле RU\NLR\BIBL_A\010923698
005 - ИДЕНТИФИКАТОР ВЕРСИИ
контрольное поле 20260405210349.0
010 ## - МЕЖДУНАРОДНЫЙ СТАНДАРТНЫЙ НОМЕР КНИГИ (ISBN)
Номер (ISBN) 9785989461332
Тираж 500
021 ## - НОМЕР ГОСУДАРСТВЕННОЙ РЕГИСТРАЦИИ
Код страны Российская Федерация
Номер 2015-91110
Номер Листа государственной регистраци 5615
035 ## - ДРУГИЕ СИСТЕМНЫЕ НОМЕРА
Идентификатор записи (NLR Aleph) 010923698
100 ## - ДАННЫЕ ОБЩЕЙ ОБРАБОТКИ
Данные общей обработки 20151211d2015 u y0rusy50 ca
101 0# - ЯЗЫК РЕСУРСА
Язык текста, звукозаписи и т.д. русский
102 ## - СТРАНА ПУБЛИКАЦИИ ИЛИ ПРОИЗВОДСТВА
Страна публикации Российская Федерация
105 ## - ПОЛЕ КОДИРОВАННЫХ ДАННЫХ: ТЕКСТОВЫЕ МАТЕРИАЛЫ, МОНОГРАФИЧЕСКИЕ
Кодированные данные о монографическом текстовом документе a|||j|||000yy
200 1# - ЗАГЛАВИЕ И СВЕДЕНИЯ ОБ ОТВЕТСТВЕННОСТИ
Основное заглавие Учебно-методическое пособие для врачей-интернов, обучающихся по программам высшего и дополнительного профессионального образования по специальности "Терапия"
Сведения, относящиеся к заглавию (methods handbook по модулю "Пульмонология")
Первые сведения об ответственности Гос. бюджет. образоват. учреждение высш. проф. образования "Каз. гос. мед. ун-т" М-ва здравоохранения Рос. Федерации, Фак. повышения квалификации и проф. подгот. специалистов, Каф. внутр. болезней № 2
Последующие сведения об ответственности [сост.: д.м.н., проф. Хамитов Р. Ф., к.м.н. Пальмова Л. Ю.]
210 ## - ПУБЛИКАЦИЯ, РАСПРОСТРАНЕНИЕ И ДР.
Место издания, распространения и т.д. Казань
Имя издателя, распространителя и т. д. Бриг
Дата издания, распространения и т.д. 2015
215 ## - ФИЗИЧЕСКАЯ ХАРАКТЕРИСТИКА
Специфическое обозначение материала и объем 276 с.
Другие сведения о физической характеристике ил.
Размеры 21
320 ## - ПРИМЕЧАНИЯ О НАЛИЧИИ В ДОКУМЕНТЕ БИБЛИОГРАФИИ / УКАЗАТЕЛЯ
Текст примечания Библиогр. в прил.: с. 269-271 и в тексте
606 1# - НАИМЕНОВАНИЕ ТЕМЫ КАК ПРЕДМЕТ
Наименование темы Пульмонология
Формальный подзаголовок Учебно-методические пособия
Системный номер авторитетной/нормативной записи 2288229
Идентификатор авторитетной/нормативной записи RU\NLR\AUTH\661370552
686 1# - ИНДЕКСЫ ДРУГИХ КЛАССИФИКАЦИЙ
Индекс Р412я77
702 #1 - ИМЯ ЛИЦА - ВТОРИЧНАЯ ОТВЕТСТВЕННОСТЬ
Код отношения Составитель
Материалы, к которым относится поле rus
Графика поля Кириллица
Начальный элемент ввода Хамитов
Часть имени, кроме начального элемента ввода Р. Ф.
Даты 1964-
Расширение инициалов личного имени Рустем Фидагиевич
Идентификатор авторитетной/нормативной записи RU\NLR\AUTH\7793537
Системный номер авторитетной/нормативной записи 76463
712 02 - НАИМЕНОВАНИЕ ОРГАНИЗАЦИИ - ВТОРИЧНАЯ ОТВЕТСТВЕННОСТЬ
Код отношения Прочие
Начальный элемент ввода Казанский государственный медицинский университет
Структурное подразделение Кафедра внутренних болезней
Идентифицирующий признак 2
Системный номер авторитетной/нормативной записи 493132
Идентификатор авторитетной/нормативной записи RU\NLR\AUTH\880413942
942 ## - ДОПОЛНИТЕЛЬНЫЕ ЭЛЕМЕНТЫ ЗАПИСИ (АБИС)
Тип экземпляра АБИС Книга
980 ## - КОЛЛЕКЦИЯ
Название коллекции НБР

Нет доступных экземпляров.